000 00517nam a2200169 i 4500
001 94241
003 ES-MaACL
005 20230906181432.0
007 t|
008 050804s1968 sp ||||1| spa d
100 1 _aOlaso, Jaime de.
_986667
245 1 0 _aCuando el balón no es redondo /
_cJaime de Olaso.
260 _aBilbao :
_b[s.n.],
_c1968 (
_eZalla :
_fTalleres de E. P.)
300 _a473 p., 3 h., 16 lám. ;
_c25 cm.
610 2 7 _aSociedad Deportiva Indauchu.
_96697
852 _aES-MaACL
_jC-45548
_bR.68155
999 _c94241
_d94241